000 00650nam a2200205Ia 4500
003 GCL
008 140319s9999 xx 000 0 ara d
040 _aGCL /
_cGCL
082 0 4 _a250
_bح م
100 1 _aاحمد محمد شاكر
245 1 0 _aالمحلى فى 8 اجزاء /
_cاحمد محمد شاكر
700 1 _aابن حزم : ابومحمد على بن احمد بن سعيد بن حزم بن غالب بن صالح الظاهرى
260 _aبيروت :
_bدار الجيل
300 _aمتعدد ؛
_c26 سم
490 _a
650 0 4 _aالاسلام
650 0 4 _aفقه
650 0 4 _aالقران
942 _2ddc
_cBK
999 _c54429
_d54429